00232nam a2200085Ia 4500008004100000082001800041100001900059245004500078300002300123230907s9999||||xx |||||||||||||| ||und|| a621.3822bBOG aBogatin, Eric, 0aSignal and power integrity, simplified / axxxii, 958 pages ;